LEADER 01194nam a2200289 a 4500 001 000000126846 003 CaOOAMICUS 005 20111107135946.0 008 111107s2003 it a u000 u ita r 020 $a88-430-2676-3 040 $aPUL$bita 082 04$a035 100 1 $aDemetrio, Duccio.$0(OLS)http://pul/name/52928 245 12$aL'età adulta :$bteorie dell'identità e pedagogie dello sviluppo /$cDuccio Demetrio. 260 $aRoma :$bCarocci,$c©2003. 300 $a157 p. :$bill ;$c22 cm. 490 1 $aQuality paperbacks ;$v91 504 $aComprende riferimenti bibliografici e indice. 830 0$aQuality paperbacks (Carocci) ;$v91.$0(OLS)http://pul/title/103487 850 $aPUL 852 $aPUL$W1$xDP2 Cons. Gen., Altre Classi 3$y97$m035 COLL 1.91$j146671$qDDC 21$B145369$CPULBib$Z2$F145369 $H116118 $82 941 1 $a9 996 $6020$a88-430-2676-3$9(OLS)http://pul/number/148397 996 $6082$a035$9(OLS)http://pul/classification/471 996 $6245$aL'età adulta :$bteorie dell'identità e pedagogie dello sviluppo$9(OLS)http://pul/title/160244 996 $6260$aRoma :$bCarocci$9(OLS)http://pul/publisher/66917 LEADER 01259nam a2200301 a 4500 001 000000134538 003 CaOOAMICUS 005 20130624140234.0 008 130624s1993 it u000 u ita r 040 $aPUL$bita 100 1 $aCaproni, Giorgio.$0(OLS)http://pul/name/75433 245 10$aGiorgio Caproni /$cpresentazione di Vincenzo Cerami ; a cura di Sandro Onofri. 260 $aRoma :$bl'Unità$g1993 300 $a76 p. ;$c19 cm 490 1 $aPoeti italiani ;$v19 500 $aSuppl. al n. 23 dell'Unità del 14 giugno 1993. Ed. fuori commercio. 600 14$aCaproni, Giorgio,$d1912-1990.$0(OLS)http://pul/subject/34529 650 4$aPoesia$ySec. XX$xCritica e interpretazione.$0(OLS)http://pul/subject/28860 700 1 $aCerami, Vincenzo.$0(OLS)http://pul/name/86689 700 1 $aOnofri, Sandro.$0(OLS)http://pul/name/86690 830 0$aPoeti italiani ;$v19.$0(OLS)http://pul/title/170127 850 $aPUL 852 $aPUL$W1$xDP1 Fondo E. Rossi$y115$m1 R 31bis$j154750$qFondi$B154256$CPULBib$Z2$F154256 $82 941 1 $a1 961 $aSul dorso collocazione ms. di E. Rossi: I 42 1 996 $6245$aGiorgio Caproni$9(OLS)http://pul/title/170126 996 $6260$aRoma :$bl'Unità$9(OLS)http://pul/publisher/74001